=LDR 00000nam 2200000 4500 =001 INLIS000000000050581 =005 20200313020232 =035 ##$$a 0010-0517000234 =007 ta =008 200313################g##########0#ind## =082 ##$$a 297.01 =084 ##$$a 297.01 LUK m =100 #$$a Lukman, Abu Anisah Syahrul Fatwa Bin =245 1#$$a Mengenal Islam Lebih Dekat /$c Abu anisah Syahrul Fatwa Bin Lukman; Penyunting, Abu fadhli rabbani =250 ##$$a Cet.1 =260 ##$$a Bogor :$b Media Tarbiyah,$c 2014 =300 ##$$a 288 hlm. ; $c 20, 4 x 15, 5 cm =650 #4$$a TEORI ISLAM =990 ##$$a 31701022 =990 ##$$a 31701021